• 首页
  • 本馆介绍
  • 公告通知
  • 最新文献
  • 馆藏检索
  • 电子资源
  • 读者导购
  • 参考咨询
  • 我的图书馆
  • 登录
  • 详细信息显示
  • 放入我的书架
  • 预约/预借图书
  • 作者相关作品
  • 分类相关作品
  • 丛书相关作品
  • 出版社相关作品

书目信息

  • 表格格式
  • 工作单格式
  • 卡片格式
题名:
中国京剧脸谱
    
 
作者: 张虎彪 , 张艺能 著
分册:  
出版信息: 哈尔滨   黑龙江美术出版社  2019
页数: 140页
开本: 29cm
丛书名:
单 册:
中图分类: J821.5 , J8
科图分类:
主题词: 京剧--脸谱--中国 , 戏剧--艺术 , 戏剧
电子资源:
ISBN: 978-7-5593-4693-3
000 00864nam0 2200265 450
001 2368433523
005 20231104190052.95
010    @a978-7-5593-4693-3@dCNY99.00
100    @a20200408d2019 em y0chiy50 ea
101 0  @achi
102    @aCN@b230000
105    @aa z 000yy
200 1  @a中国京剧脸谱@9zhong guo jing ju lian pu@f张虎彪,张艺能著
210    @a哈尔滨@c黑龙江美术出版社@d2019
215    @a140页@c图@d29cm
330    @a本书共分10章,分别为京剧脸谱的形成、京剧脸谱的勾画顺序及勾画技巧、京剧脸谱的形式、京剧脸谱的民族特色、京剧脸谱的色彩、京剧脸谱鉴赏与图解等。
606 0  @a京剧@x脸谱@y中国
606 0  @a戏剧@x艺术
606 0  @a戏剧
690    @aJ821.5@v5
690    @aJ8@v4
701  0 @a张虎彪@9zhang hu biao@4著
701  0 @a张艺能@9zhang yi neng@4著
801  0 @aCN@b大连网信软件有限公司图书馆·11@c20231104
905    @aBZT@dJ8@e8
    
    中国京剧脸谱/张虎彪,张艺能著.-哈尔滨:黑龙江美术出版社,2019
    140页:图;29cm
    
    
    ISBN 978-7-5593-4693-3:CNY99.00
    本书共分10章,分别为京剧脸谱的形成、京剧脸谱的勾画顺序及勾画技巧、京剧脸谱的形式、京剧脸谱的民族特色、京剧脸谱的色彩、京剧脸谱鉴赏与图解等。
●
相关链接 在五车中查询图书 在当当中查询图书 在豆瓣中查询图书


正题名:中国京剧脸谱     索取号:J8/8         预约/预借

序号 登录号 条形码 馆藏地/架位号 状态 备注
1 2000948228   2000948228   第四书库/四35架A面4层3列/ [索取号:J8/8] 在馆    
2 2000948229   2000948229   第四书库/四35架A面4层3列/ [索取号:J8/8] 在馆    
3 2000948230   2000948230   第四书库/四35架A面4层3列/ [索取号:J8/8] 在馆    
4 2000948231   2000948231   第四书库/四35架A面4层3列/ [索取号:J8/8] 在馆    
5 2000948232   2000948232   第四书库/四35架A面4层3列/ [索取号:J8/8] 在馆    
6 2000948233   2000948233   第四书库/四35架A面4层3列/ [索取号:J8/8] 在馆    
山东省滨州职业学院图书馆 欢迎您!
大连网信软件有限公司© 版权所有